000
00302nam a22001337a 4500
008
181105b xxu||||| |||| 00| 0 eng d
020
_a
0721682146
041
_a
eng
080
_a
616.5
100
_a
7
101
_a
DER
245
_a
Conculatations in Dermatology II
_c
Shelley, W.B
942
_2
udc
_c
BK
999
_c
51870
_d
51870